Responses for Show #2170 - Friday, January 28, 1994

Contestants

[<< previous game]

Jan Charles, a business owner from Sayville, New York

John Welch, a physician from Concord, New Hampshire

Annie Gottlieb, a freelance writer from New York City, New York (whose 1-day cash winnings total $5,700)

[next game >>]

Jeopardy! Round responses

U.S.A.
WARNER BROS. CARTOONS
LANGUAGES
THE NEW TESTAMENT
DAYS OF THE DEAD
ENDING "UP"
(Alex: Most, in fact, all of the correct responses are two words and the second word ends in "U-P".)
    $100 7
New York state

Annie
    $100 17
the Tasmanian Devil

John
    $100 1
German

Annie
    $100 6
wolves

Jan
    $100 9
Memorial Day

John
    $100 12
a push-up

John
    $200 8
Alaska

Annie
    $200 27
Sylvester & Tweety Bird

John
    $200 2
Incan

John
    $200 16
the Star of Bethlehem

Jan
    $200 10
Vietnam

Annie
    $200 23
round up

John
    $300 13
Washington, D.C.

John
    $300 28
Pepe Le Pew

John
    $300 3
Australia

Annie
    $300 18
the Temple

John
    $300 11
candles (or okuri-dango, or lanterns)

Annie
    $300 24
a pinup

Jan
    $400 14
[ERRATUM: "Museum" was misspelled as shown in the clue.]

Palm Beach

John
    $400 29
gophers

Triple Stumper
    $400 4
Sri Lanka

Annie
    $400 19
bread

John
    $400 21
Yom Kippur

Annie
    $400 25
a runner-up

Annie
    $500 15
(John: What is Ponca City?)

Tulsa

John
    $500 30
Porky Pig

Triple Stumper
    $500 5
Ethiopia

John
    $500 20
her mother

Triple Stumper
    $500 22
saints

Annie
    $500 26
(George) Gallup

Jan

Scores at the first commercial break (after clue 15):

Annie John Jan
$1,600 $1,100 $100

Scores at the end of the Jeopardy! Round:

Annie John Jan
$2,900 $2,600 $1,100

Double Jeopardy! Round responses

WORLD WAR II
MOTHERS & DAUGHTERS
COMPOSERS
GEMS & JEWELRY
LESSER KNOWN QUOTES
SHAKESPEARE
    $200 3
Mussolini

Annie
    $200 5
Princess Anne

Annie
    $200 4
Strauss

Annie
    $200 26
diamonds

Jan
    $200 1
(Annie: What is a homecoming?)
(Jan: What is a home?)

a voyage

AnnieJan
Triple Stumper
    $200 16
Taming of the Shrew

Annie
    $400 12
Rommel

Annie
    $400 6
Mary Higgins Clark

Annie
    $400 8
Tchaikovsky

John
    $400 27
(Jan: What are emeralds?)

turquoise

AnnieJan
    $400 2
Nancy Reagan

John
    $400 17
Julius Caesar

Annie
    $600 13
Stalingrad

Annie
    $600 7
Wynonna Judd

John
    $600 9
Debussy

Jan
    $600 28
earrings

John
    $600 23
Somerset Maugham

John
    $600 18
King Lear

John
    $800 19
(Annie: What is Bataan?)

Corregidor

AnnieJohn
    $2,100 14
the Muses

Annie
    $800 10
Antonin Dvorak

John
    $800 29
(John: What is obsidian?)
(Annie: What is quartz?)

Coal

AnnieJohn
Triple Stumper
    $800 24
Dorothy Parker

Triple Stumper
    $800 21
Pericles

Triple Stumper
    $1000 20
Bastogne

John
    $1000 15
(Cathy) Guisewite

Annie
    $1000 11
(Annie: [No response])

Giuseppe Verdi

AnnieJohn
    $1000 30
(Annie: What is carnelian?)

Bloodstone

AnnieJan
    $1000 25
[NOTE: The quotation was rendered on-screen in lowercase.]

E.E. Cummings

Triple Stumper
    $800 22
Twelfth Night

John

Scores at the end of the Double Jeopardy! Round:

Annie John Jan
$5,200 $9,400 $2,300

[wagering suggestions for these scores]

Final Jeopardy! Round responses

WORD ORIGINS
JanWhat is a cante
$0
AnnieWhat is butler
$5,199
JohnWhat is butler
$1,100
butler

Final scores:

Annie John Jan
$10,399 $10,500 $2,300
2nd place: trip to Tucson, Arizona New champion: $10,500 3rd place: Citizen electronic organizer + Wheel of Fortune & Jeopardy! games for the Super Nintendo & Sega Genesis

Game dynamics:

Coryat scores:

Annie John Jan
$3,900 $10,100 $2,300
21 R
(including 1 DD),
5 W
23 R
(including 1 DD),
2 W
(including 1 DD)
7 R,
2 W

Combined Coryat: $16,300

[game clues] [game scores] [suggest correction]

Game tape date: 1993-11-01
The J! Archive is created by fans, for fans. Scraping, republication, monetization, and malicious use prohibited; this site may use cookies and collect identifying information. See terms. The Jeopardy! game show and all elements thereof, including but not limited to copyright and trademark thereto, are the property of Jeopardy Productions, Inc. and are protected under law. This website is not affiliated with, sponsored by, or operated by Jeopardy Productions, Inc. Join the discussion at JBoard.tv.